000 00577nam a2200241Ia 4500
005 20260306150439.0
008 008 260114s9999 xx 000 0 eng d
020 _a9780300213331
037 _aEbook
040 _aCRL
040 _beng
040 _cCRL
041 _2eng
041 _aeng
084 _qCRL
245 0 _aNew Treatise on the Uniqueness of Consciousness
260 _bYale University Press
260 _c2015
650 _aPhilosophy
856 _uhttps://www.degruyter.com/isbn/9780300213331
942 _cEBOOK
999 _c1696755
_d1696755